• 首页
  • 本馆介绍
  • 公告通知
  • 最新文献
  • 馆藏检索
  • 电子资源
  • 读者导购
  • 参考咨询
  • 我的图书馆
  • 登录
  • 详细信息显示
  • 放入我的书架
  • 预约/预借图书
  • 作者相关作品
  • 分类相关作品
  • 丛书相关作品
  • 出版社相关作品

书目信息

  • 表格格式
  • 工作单格式
  • 卡片格式
题名:
另类科学传奇
    
 
作者: 裘伟廷 编著
分册: 上  
出版信息: 北京   中国盲文出版社  2012.8
页数:
开本: 32cm
丛书名:
单 册:
中图分类: N49 , O4-49
科图分类:
主题词: 物体--普及读物--盲文
电子资源:
ISBN: 978-7-5002-3787-7
000 01186nam0 2200241 450
001 1532460736
005 20150209193009.84
010    @a978-7-5002-3787-7@d
100    @a20120629d2012 em y0chiy0110 ea
101 0  @a盲文
102    @aCN@b110000
105    @ay z 000yy
200 1  @a另类科学传奇@9ling lei ke xue chuan qi@e奥妙物体卷@h上@f裘伟廷编著
210    @a北京@c中国盲文出版社@d2012.8
215    @d32cm
330    @a《另类科学传奇》共六册,主要介绍的是:其一,已有的现象,正统科学史较少提及或没有涉及的一些科学发展过程中的史实,所涉及的,除常规科学的奇特内容外,还包括“科学伴生物”的行为或活动。其二,以一些科学活动的历史真相,接露正统科学史和教科书上所塑造的“科学神话”。其三,列举一些民间科学研究以及一些科学爱好者的另类研究。其四,介绍一些虽然不可思议、但仍然是值得有待进一步研究的科学之谜。书中介绍的许多自然现象,我们已了解或听说,但很多都是知其一不知其二,或似是而非。全书按理论、实验、人物、事件、物体和现象分6卷,相应介绍了这些另类科学。
517 1  @a奥妙物体卷@Aao miao wu ti juan
606 0  @a物体@x普及读物@x盲文
690    @aN49@v5
690    @aO4-49@v5
701  0 @a裘伟廷@9qiu wei ting@4编著
801  0 @aCN@bTSSF@c20150209
905    @aZUCC@dN49@eJY6:1
    
    另类科学传奇:奥妙物体卷.上/裘伟廷编著.-北京:中国盲文出版社,2012.8
    32cm
    
    
    ISBN 978-7-5002-3787-7:
    《另类科学传奇》共六册,主要介绍的是:其一,已有的现象,正统科学史较少提及或没有涉及的一些科学发展过程中的史实,所涉及的,除常规科学的奇特内容外,还包括“科学伴生物”的行为或活动。其二,以一些科学活动的历史真相,接露正统科学史和教科书上所塑造的“科学神话”。其三,列举一些民间科学研究以及一些科学爱好者的另类研究。其四,介绍一些虽然不可思议、但仍然是值得有待进一步研究的科学之谜。书中介绍的许多自然现象,我们已了解或听说,但很多都是知其一不知其二,或似是而非。全书按理论、实验、人物、事件、物体和现象分6卷,相应介绍了这些另类科学。
●
相关链接 在E读中查询图书 在五车中查询图书 在当当中查询图书 在豆瓣中查询图书


正题名:另类科学传奇     索取号:N49/JY6:1         预约/预借

序号 登录号 条形码 馆藏地/架位号 状态 备注
1 7864923   278649232   学院路分馆/ [索取号:N49/JY6:1] 在馆    
唐山师范学院图书馆 欢迎您!
大连网信软件有限公司© 版权所有